02094nac a22003615a 4500008004100000010001700041020002100058020002400079040002800103082002200131100004500153245008600198250001200284260004300296300003500339500002400374504003100398590003700429650004400466651001000510653001500520856008300535942002500618999001500643952012700658952012800785952013500913952013601048952013201184952012801316952014401444952014401588090303t2008 nyua fr|||| 001 0 eng d a 2007016421 a0415418666 (pbk) a9780415418669 (pbk) aEG-ScBUEbengcEG-ScBUE04a624.1821bTRA2221 aTrahair, N.S. 92328514aThe Behaviour and Design of Steel Structures to EC3 /cN.S. Trahair ... [et al.]. a4th ed. aNew York :bTaylor & Francis,cc.2008. axxii, 490 p. :bill. ;c24 cm. aIndex : p. 487-490. aBibliography : p. 485-486. acatalogued by: Mostafa El-Helaly 0aBuilding, Iron and steel.9232862BUEsh 2BUEsh cAugust2015413Table of contents onlyuhttp://www.loc.gov/catdir/toc/ecip0716/2007016421.html cBBk624.1821TRA2ddc c7979d7979 00102ddc4070aMAINbMAINc1STd2014-02-08ePurchasel3m1o624.1821 TRAp000009590r2025-07-15 00:00:00s2015-01-06yBB 00102ddc4070aMAINbMAINc1STd2014-02-08ePurchasel2m32o624.1821 TRAp000009593r2025-07-15 00:00:00s2017-01-16yBB 00102ddc40708BaccahaMAINbMAINc1STd2009-03-03epurchasel2m5o624.1821 TRAp000015328r2025-07-15 00:00:00s2019-04-09yBB 00102ddc40708BaccahaMAINbMAINc1STd2009-03-03epurchasel2m11o624.1821 TRAp000015330r2025-07-15 00:00:00s2012-02-09yBB 00102ddc40708BaccahaMAINbMAINc1STd2009-03-03epurchasel1o624.1821 TRAp000015329r2025-07-15 00:00:00s2014-01-28yNB 00102ddc40708BaccahaMAINbMAINc1STd2011-04-21epurchaseg240.00l0o624.1821 TRAp000009583r2025-07-15 00:00:00yNB 00102ddc40708BaccahaMAINbMAINc1STd2011-04-21epurchaseg240.00l1m20o624.1821 TRAp000023372r2025-07-15 00:00:00s2012-02-19yBB 00102ddc40708BaccahaMAINbMAINc1STd2011-04-21epurchaseg240.00l2m11o624.1821 TRAp000023373r2025-07-15 00:00:00s2013-02-11yBB